Alle Nederlandse Dorpen en Steden per Gemeente - Gelderland - Statistics

General Stats
  • This quiz has been taken 78 times
    56 since last reset
  • The average score is 52 of 328
Answer Stats
Gemeente Dorp/Stad % Correct
Apeldoorn Apeldoorn
78%
Ede Ede
78%
Arnhem Arnhem
75%
Aalten Aalten
69%
Doetinchem Doetinchem
69%
Wageningen Wageningen
69%
Rheden Rheden
67%
Tiel Tiel
64%
Duiven Duiven
61%
Zevenaar Zevenaar
61%
Barneveld Barneveld
58%
Buren Buren
58%
Harderwijk Harderwijk
58%
Lochem Lochem
58%
Nijmegen Nijmegen
58%
Nunspeet Nunspeet
58%
Renkum Renkum
58%
Berg en Dal Berg en Dal
56%
Nijkerk Nijkerk
56%
Rozendaal Rozendaal
56%
Voorst Voorst
56%
Wijchen Wijchen
56%
Zutphen Zutphen
56%
Brummen Brummen
53%
Doesburg Doesburg
53%
Druten Druten
53%
Epe Epe
53%
Elburg Elburg
50%
Ermelo Ermelo
50%
Scherpenzeel Scherpenzeel
50%
Zaltbommel Zaltbommel
50%
Berg en Dal | Montferland Beek
47%
Culemborg Culemborg
47%
Heumen Heumen
47%
Oldebroek Oldebroek
47%
Putten Putten
47%
Westervoort Westervoort
47%
Winterswijk Winterswijk
47%
Beuningen Beuningen
44%
Heerde Heerde
44%
Lingewaard Huissen
44%
Rheden Dieren
42%
Hattem Hattem
42%
Rheden Velp
39%
Oost Gelre Groenlo
33%
Overbetuwe Elst
31%
Berg en Dal Groesbeek
31%
Epe Vaassen
31%
Lingewaard Bemmel
28%
Ede Bennekom
28%
Montferland Didam
28%
Apeldoorn Beekbergen
25%
Overbetuwe Driel
25%
Lingewaard Gendt
25%
Bronckhorst Hengelo
25%
Ede Otterlo
25%
Overbetuwe Zetten
25%
Lingewaard Angeren
22%
Berkelland Borculo
22%
Renkum Doorwerth
22%
Neder-Betuwe Kesteren
22%
Duiven Loo
22%
Ede Lunteren
22%
Renkum Oosterbeek
22%
Overbetuwe Oosterhout
22%
Voorst Twello
22%
Oude IJsselstreek Varsseveld
22%
Oldebroek Wezep
22%
Neder-Betuwe Dodewaard
19%
Berkelland Eibergen
19%
Apeldoorn Hoenderloo
19%
Apeldoorn | Voorst Klarenbeek
19%
Oost Gelre Lichtenvoorde
19%
Heumen Malden
19%
Berkelland Ruurlo
19%
Montferland 's-Heerenberg
19%
Barneveld Stroe
19%
Apeldoorn Uddel
19%
Oude IJsselstreek Ulft
19%
Barneveld Voorthuizen
19%
Heerde Wapenveld
19%
Doetinchem Wehl
19%
West Maas en Waal Beneden-Leeuwen
17%
Nunspeet Elspeet
17%
Barneveld Garderen
17%
West Betuwe Geldermalsen
17%
Zevenaar Giesbeek
17%
Overbetuwe Heteren
17%
Nijkerk Hoevelaken
17%
Barneveld Kootwijk
17%
Zevenaar Lathum
17%
Apeldoorn Loenen
17%
Berg en Dal Millingen aan de Rijn
17%
Berkelland Neede
17%
Neder-Betuwe Opheusden
17%
Zevenaar Oud-Zevenaar
17%
Zevenaar Pannerden
17%
Oude IJsselstreek Terborg
17%
Berg en Dal Ubbergen
17%
Nunspeet Vierhouten
17%
Renkum Wolfheze
17%
Overbetuwe Andelst
14%
Zevenaar Babberich
14%
West Betuwe Beesd
14%
Bronckhorst Bronkhorst
14%
West Maas en Waal Dreumel
14%
Lochem Eefde
14%
Rheden Ellecom
14%
Epe Emst
14%
Doetinchem Gaanderen
14%
Duiven Groessen
14%
Ede Harskamp
14%
Renkum Heelsum
14%
Buren Ingen
14%
Zevenaar Lobith
14%
Buren Maurik
14%
Nijkerk Nijkerkerveen
14%
West Betuwe Ophemert
14%
Voorst Teuge
14%
Elburg 't Harde
14%
Zevenaar Tolkamer
14%
Bronckhorst Vorden
14%
West Maas en Waal Wamel
14%
Zevenaar Angerlo
11%
West Maas en Waal Boven-Leeuwen
11%
Montferland Braamt
11%
Aalten Bredevoort
11%
Rheden De Steeg
11%
Aalten Dinxperlo
11%
Bronckhorst Drempt
11%
Neder-Betuwe Echteld
11%
Arnhem Elden
11%
Brummen Empe
11%
Oude IJsselstreek Gendringen
11%
Lochem Gorssel
11%
Berg en Dal Heilig Landstichting
11%
Overbetuwe Hemmen
11%
Overbetuwe Herveld
11%
Zevenaar Herwen
11%
Harderwijk Hierden
11%
Apeldoorn Hoog Soeren
11%
Barneveld Kootwijkerbroek
11%
Rheden Laag-Soeren
11%
Lochem Laren
11%
Berg en Dal Leuth
11%
Buren Lienden
11%
Apeldoorn Lieren
11%
Winterswijk Meddo
11%
Neder-Betuwe Ochten
11%
Berg en Dal Ooij
11%
Maasdriel Rossum
11%
Oude IJsselstreek Silvolde
11%
West Betuwe | Zevenaar Spijk
11%
Bronckhorst Steenderen
11%
Overbetuwe Valburg
11%
Beuningen Weurt
11%
Voorst Wilp
11%
Beuningen Winssen
11%
Bronckhorst Zelhem
11%
West Maas en Waal Appeltern
8%
West Betuwe Asperen
8%
Lochem Barchem
8%
Wijchen Batenburg
8%
Wijchen Bergharen
8%
Buren Beusichem
8%
Druten Deest
8%
Lingewaard Doornenburg
8%
Brummen Eerbeek
8%
Lochem Epse
8%
Beuningen Ewijk
8%
Lingewaard Haalderen
8%
Oldebroek Hattemerbroek
8%
West Betuwe Herwijnen
8%
Renkum Heveadorp
8%
Bronckhorst Hoog-Keppel
8%
Druten Horssen
8%
Nunspeet Hulshorst
8%
Maasdriel Kerkdriel
8%
Bronckhorst Laag-Keppel
8%
Oost Gelre Lievelde
8%
Montferland Loil
8%
Montferland Nieuw-Dijk
8%
Doetinchem Nieuw-Wehl
8%
Epe Oene
8%
Apeldoorn Radio Kootwijk
8%
Overbetuwe Randwijk
8%
Berkelland Rekken
8%
Arnhem Schaarsbergen
8%
Overbetuwe Slijk-Ewijk
8%
Rheden Spankeren
8%
West Betuwe Tricht
8%
Oude IJsselstreek Varsselder
8%
Heerde Veessen
8%
West Betuwe Waardenburg
8%
Zutphen Warnsveld
8%
Montferland Zeddam
8%
Buren Zoelen
8%
West Betuwe Acquoy
6%
Druten Afferden
6%
Maasdriel Alem
6%
Lochem Almen
6%
West Maas en Waal Alphen
6%
West Maas en Waal Altforst
6%
Bronckhorst Baak
6%
Wijchen Balgoij
6%
Zaltbommel Brakel
6%
Oude IJsselstreek Breedenbroek
6%
Voorst Bussloo
6%
West Betuwe Buurmalsen
6%
Ede De Klomp
6%
Buren Eck en Wiel
6%
Ede Ederveen
6%
Oude IJsselstreek Etten
6%
Zaltbommel Gameren
6%
Berkelland Geesteren
6%
West Betuwe Haaften
6%
Brummen Hall
6%
Oost Gelre Harreveld
6%
Oude IJsselstreek Heelweg
6%
Maasdriel Heerewaarden
6%
Neder-Betuwe IJzendoorn
6%
Lochem Joppe
6%
Tiel Kapel-Avezaath
6%
Berg en Dal Kekerdom
6%
Montferland Loerbeek
6%
West Maas en Waal Maasbommel
6%
Oude IJsselstreek Megchelen
6%
West Betuwe Meteren
6%
Heumen Nederasselt
6%
Zaltbommel Nederhemert
6%
Oude IJsselstreek Netterden
6%
Wijchen Niftrik
6%
Voorst Nijbroek
6%
Buren Ommeren
6%
Heumen Overasselt
6%
Berg en Dal Persingen
6%
Zaltbommel Poederoijen
6%
Druten Puiflijk
6%
Lingewaard Ressen
6%
Bronckhorst Rha
6%
West Betuwe Rhenoy
6%
Berkelland Rietmolen
6%
Oude IJsselstreek Sinderen
6%
Montferland Stokkum
6%
Barneveld Terschuur
6%
Voorst Terwolde
6%
Bronckhorst Toldijk
6%
Apeldoorn Ughelen
6%
West Betuwe Varik
6%
Heerde Vorchten
6%
West Betuwe Vuren
6%
Apeldoorn Wenum-Wiesel
6%
Oude IJsselstreek Westendorp
6%
Zaltbommel Aalst
3%
Bronckhorst Achter-Drempt
3%
Zevenaar Aerdt
3%
Maasdriel Ammerzoden
3%
Montferland Azewijn
3%
Apeldoorn Beemte Broekland
3%
Berkelland Beltrum
3%
Zaltbommel Bruchem
3%
Ede Deelen
3%
West Betuwe Deil
3%
Zaltbommel Delwijnen
3%
Elburg Doornspijk
3%
West Betuwe Enspijk
3%
Buren Erichem
3%
Berg en Dal Erlecom
3%
West Betuwe Gellicum
3%
Berkelland Haarlo
3%
Lochem Harfsen
3%
Maasdriel Hedel
3%
West Betuwe Heesselt
3%
West Betuwe Hellouw
3%
Wijchen Hernen
3%
Maasdriel Hoenzadriel
3%
Elburg Hoge Enk
3%
Zutphen Hoven
3%
Bronckhorst Hummelo
3%
Maasdriel Hurwenen
3%
Buren Kerk Avezaath
3%
Zaltbommel Kerkwijk
3%
Montferland Kilder
3%
Montferland Lengel
3%
Wijchen Leur
3%
West Betuwe Neerijnen
3%
Zaltbommel Nieuwaal
3%
Berkelland Noordijk
3%
Bronckhorst Olburgen
3%
Oldebroek Oosterwolde
3%
West Betuwe Opijnen
3%
Buren Ravenswaaij
3%
West Betuwe Rumpt
3%
Maasdriel Velddriel
3%
Oost Gelre Vragender
3%
Tiel Wadenoijen
3%
Ede Wekerom
3%
Maasdriel Well
3%
Doetinchem Wijnbergen
3%
Tiel Zennewijnen
3%
Oost Gelre Zieuwent
3%
Buren Zoelmond
3%
Zaltbommel Zuilichem
3%
Buren Asch
0%
Barneveld De Glind
0%
Aalten De Heurne
0%
West Betuwe Est
0%
Berkelland Gelselaar
0%
Bronckhorst Halle
0%
West Betuwe Heukelum
0%
Lingewaard Hulhuizen
0%
Bronckhorst Keijenborg
0%
Oldebroek Kerkdorp
0%
Bronckhorst Kranenburg
0%
Lochem Kring van Dorth
0%
Brummen Leuvenheim
0%
Oost Gelre Mariënvelde
0%
Oldebroek Noordeinde
0%
Buren Rijswijk
0%
Oldebroek 't Loo
0%
West Betuwe Tuil
0%
Bronckhorst Vierakker
0%
Maasdriel Wellseind
0%
Bronckhorst Wichmond
0%
Barneveld Zwartebroek
0%
No matching quizzes found
Score Distribution
Percent of People with Each Score
Percentile by Number Answered
Your Score History
You have not taken this quiz since the last reset